Ethnic/Indigenous Group by Region - Statistics

General Stats
  • This quiz has been taken 1,425 times
  • The average score is 10 of 18
Answer Stats
Region Ethnic or Indigenous Group Modern Population % Correct
Parts of Turkey, Iraq, Iran Kurds 40 mil
88%
New Zealand Māori 750 k
86%
Greenland, Canada and Alaska Inuit 148 k
85%
Andes Mountains Inca 11 mil
77%
Central Mexican plateau region Aztecs > 1.4 mil
72%
Mexico and Central America Maya 7.0 mil
72%
Northern Norway, Sweden, Finland Sami 100 k
70%
Arizona, Colorado, New Mexico and Utah Navajo 300 k
68%
Eastern/Central Europe, North Asia Slavs 350 mil
61%
Northwestern France Bretons 8.0 mil
57%
South Pacific, from Hawaii to Chile to New Zealand Polynesians 2.0 mil
56%
Japan, Russia (Hokkaido and Sakhalin) Ainu 200 k
53%
China, Vietnam and Laos (with a notable community in the U.S.) Hmong 11 mil
50%
Across the British Isles (modern population) Celts NA
46%
Syria, Iraq and Turkey Assyrian People 5.0 mil
35%
Across Canada, south of the Arctic Circle First Nations People 851 k
35%
Botswana, Namibia, South Africa San People 105 k
22%
Central American Caribbean Coast Garifuna 600 k
7%
No matching quizzes found
Score Distribution
Percent of People with Each Score
Percentile by Number Answered
Your Score History
You have not taken this quiz